000 00873nam a2200265 a 4500
001 BRCA_5320
005 20190320205030.0
008 031210s1986----enkaf#####---#000-0#eng-#
020 _a0856673234
041 _aeng
044 _aenk
050 4 _aN5208.5
_b.A78 1986
245 1 0 _aArt at Auction
_bthe year at Sotheby´s 1985-86
_ceditors Georgia Fogg, Louise Berg ; desing Mary Osborne.
260 _aInglaterra
_bSotheby´s
_c1986
300 _a416 p.
_bil. (algunas a color)
_c28 cm.
500 _aIncluye índice alfabético
500 _aDonación Dr. Héctor Rivero Borrell Vázquez
650 1 4 _aSubastas
_xColeccionistas y colecciones
_910730
650 1 4 _aArte
_xColeccionistas y colecciones
_97445
700 1 _aFogg, Georgia
_eEditor
_913644
700 1 _aBerg, Louise
_eEditor
_913645
700 1 _aOsborne, Mary
_913646
902 _aDHR
942 _2lcc
_cB
999 _c5014
_d5014